000 00749cad a22002055a 4500
001 E153800
008 110905s20100831xxk f 000 0 eng d
035 _a(Sirsi) u153800
041 0 _aeng
100 1 _aMackay, Jim
245 0 0 _aPlanning guidance on land subject to contamination issues
_h[electronic resource]
260 _a[Scotland]
_bSEPA
_c2010
490 0 _aSEPA Guidance Note
_vLUPS-GU3
520 _aOffers guidance on dealing with development planning in relation to contaminated land.
590 _aKA
651 4 _aScotland
_y1999-
690 _aENVIRONMENTAL AND LAND CONSULTANCY-PLANNING AND DEVELOPMENT
856 4 0 _uhttps://www.sepa.org.uk/planning/contaminated_land.aspx
_zView the guidance at www.sepa.org.uk
942 _n0
999 _c112705
_d112705